|
|
|
|
| LEADER |
01020cam a2200253 a 4500 |
| 001 |
1467299 |
| 003 |
GR-PaULI |
| 005 |
20220520111625.0 |
| 008 |
860417s1984 sp 001 0aspa |
| 952 |
|
|
|0 0
|1 0
|2 ddc
|4 0
|6 324_246000000000000_075_092_IBA
|7 0
|9 360104
|a LISP
|b LISP
|c DON
|d 2022-05-20
|e ΔΙΑ
|i 088551
|l 0
|o 324.246 075 092 IBA
|p 025000292780
|r 2022-05-20 00:00:00
|t 1
|w 2022-05-20
|y BKN
|
| 999 |
|
|
|c 210492
|d 210492
|
| 020 |
|
|
|a 8432058300
|
| 040 |
|
|
|a DLC
|c GR-PaULI
|d
|b gre
|e AACR2
|
| 082 |
0 |
0 |
|a 324.246 075 092
|a
|2 23
|
| 100 |
1 |
|
|a Ibárruri, Dolores,
|d 1895-1989
|9 191888
|e συγγραφέας.
|
| 245 |
1 |
0 |
|a Memorias de Pasionaria 1939-1977 :
|b me faltaba España /
|c Dolores Ibárruri.
|
| 260 |
|
|
|a Barcelona, España :
|b Planeta,
|c 1984.
|
| 300 |
|
|
|a 234 σ. ;
|b εικ. ;
|c 24 εκ.
|
| 490 |
1 |
|
|a Espejo de España
|v
|
| 500 |
|
|
|a Περιλαμβάνει ευρετήριο.
|
| 600 |
1 |
4 |
|a Ibárruri, Dolores,
|d 1895-1989
|9 191888
|
| 830 |
|
0 |
|9 191889
|a Espejo de España
|
| 942 |
|
|
|2 ddc
|c BKN
|
| 998 |
|
|
|c ΜΠΟΥΡΑΣ
|d 2022-05
|